| 000 | 00498nam a2200181Ia 4500 | ||
|---|---|---|---|
| 008 | 090123s9999 xx 000 0 und d | ||
| 082 |
_b38924 _a891.463/भानत |
||
| 100 | _aभानत मनोहर | ||
| 245 | _aबंधन | ||
| 250 | _a1 | ||
| 260 |
_bमधुश्री प्रकाशन _c2005 |
||
| 300 | _a96 | ||
| 600 | _aभानत मनोहर | ||
| 630 | _aबंधन | ||
| 700 | _aभानत मनोहर | ||
| 730 | _aबंधन | ||
| 942 | _cBOOK | ||
| 999 |
_c76993 _d76993 |
||